LEADER 01939nam a2200301 i 4500 001 000000213608 003 CaOOAMICUS 005 20220406142107.0 008 120531s1734 it u000 u mul u 013 $a192463 026 $ai-ra e.i- i.ta DiCo (3) 1734 (R) 040 $aSeMil$bita 100 1 $aVergilius Maro, Publius,$d<70-19 a.C.>.$0(OLS)http://semarc/name/6169 245 10$aTomo settimo contiene li quattro libri della Georgia di Virgilio tradotta da Bernardino Daniello, la Bucolica in 10. egloghe divisa tradotta da Andrea Lori, come pure la Zenzara, e l'Allodola, alle quali si è aggiunta l'Aglita tradotte da Parmindo ... 246 01$aTomus septimus continet P. Virgilii Maronis Georgicon libros quatuor, Bucolicam in 10. eglogas distribuitam ... 300 $a[32], 512 p. 500 $aSegn.: [a]4-d4 A-2K4 2L6 2M-3R4 3S2 700 1 $aDaniello, Bernardino < -m. 1565>.$0(OLS)http://semarc/name/76080 700 1 $aLori, Andrea .$0(OLS)http://semarc/name/73997 700 1 $aBiacca, Francesco Maria,$d<1673-1735>.$0(OLS)http://semarc/name/13801 773 0 $tRaccolta di tutti gli antichi poeti latini colla loro versione nell'italiana favella. Tomo primo [-36.].$dIn Milano : Nel Regio Ducal Palazzo, 1731-1765.$g7$w()26839 850 $aSeMil 852 $aSeMil$W1$xVenegono$y1$m1Z V 215 FA$j164036$B164036$CSeMilBibl$Z2$F175079 $8I 900 0 $aVirgilio. 996 $6245$aTomo settimo contiene li quattro libri della Georgia di Virgilio tradotta da Bernardino Daniello, la Bucolica in 10. egloghe divisa tradotta da Andrea Lori, come pure la Zenzara, e l'Allodola, alle quali si è aggiunta l'Aglita tradotte da Parmindo ...$9(OLS)http://semarc/title/307945 996 $6246$aTomus septimus continet P. Virgilii Maronis Georgicon libros quatuor, Bucolicam in 10. eglogas distribuitam ...$9(OLS)http://semarc/title/307946 LEADER 02023nam a2200409 i 4500 001 000000022625 003 CaOOAMICUS 005 20180830125445.0 008 180830s1957 it u000 u ita u 040 $aSeMil$bita 245 10$aSancti Bernardi Opera /$cad fidem codicum recensuerunt J. Leclercq, C. H. Talbot, H. M. Rochais. 260 $aRomae :$bEditiones Cistercienses,$c1957-1998. 300 $a9 v. (in 10 tomi) ;$c27 cm. 600 04$aBernardo : di Chiaravalle .$0(OLS)http://semarc/subject/739 700 1 $aTalbot, Charles Hugh,$d<1906- >.$0(OLS)http://semarc/name/1012 700 1 $aRochais, Henri,$c.$0(OLS)http://semarc/name/89155 700 0 $aBernardus : Claraevallensis,$c.$0(OLS)http://semarc/name/89153 700 1 $aLeclercq, Jean,$c.$0(OLS)http://semarc/name/89154 774 0 $tEpistolae.$dRomae : Editiones Cistercienses, 1974-1977.$w()9440 774 0 $aLeclercq, Jean $tSermones super Cantica Canticorum.$dRomae : Editiones Cistercienses, 1957-1958-$w()22624 774 0 $aLeclercq, Jean $tSermones.$dRomae : Editiones Cistercienses, 1966-1972-$w()22626 774 0 $tIndex biblicus in Opera omnia S. Bernardi.$d[Turnhout] : Brepols, 1998.$z2-503-50744-1$gVol.9$w()62697 774 0 $tCorpus epistolarum.$gVol.7$w()84248 774 0 $tCorpus epistolarum, 181-310 ; Epistolae extra corpus, 311-547.$gVol.8$w()115813 774 0 $t1-35.$gVol.1$w()184053 774 0 $t36-86.$gVol.2$w()184054 774 0 $tTractatus et Opuscula.$gVol.3$w()184055 774 0 $t1.$gVol.4$w()184056 774 0 $t2.$gVol.5$w()184057 774 0 $t3.1.$gVol.6$w()184058 774 0 $t3.2.$gVol.6$w()184059 900 1 $aBernardo : di Chiaravalle. 900 1 $aSan Bernardo. 996 $6245$aSancti Bernardi Opera$9(OLS)http://semarc/title/44096 996 $6260$aRomae :$bEditiones Cistercienses$9(OLS)http://semarc/publisher/55870